| 000 | 00747cam a22002411 4500 | ||
|---|---|---|---|
| 001 | 9823433 | ||
| 003 | OSt | ||
| 005 | 20230620155018.0 | ||
| 008 | 750910s1959 ilu 000 0 eng | ||
| 010 | _a 59006733 | ||
| 035 | _a(OCoLC)1615342 | ||
| 040 |
_aDLC _cOTU _dOCoLC _dDLC |
||
| 042 | _apremarc | ||
| 082 |
_a325.342096 _bCOH |
||
| 100 | 1 |
_aCohen, A. B. _q(Andrew Benjamin), _d1909-1968. |
|
| 245 | 1 | 0 | _aBritish policy in changing Africa. |
| 260 |
_aEvanston, _bNorthwestern University Press _c[1959] |
||
| 300 |
_ax, 116 p. _c24 cm. |
||
| 410 | 2 | 0 |
_aNorthwestern University (Evanston, Ill.) _tAfrican studies, _vno. 2 |
| 651 | 0 |
_aGreat Britain _xColonies _zAfrica. |
|
| 906 |
_a7 _bcbc _coclcrpl _du _encip _f19 _gy-gencatlg |
||
| 942 |
_2ddc _cBK |
||
| 999 |
_c1882 _d1882 |
||